Littérature et communication en classe de langue. Une initiation à l'analyse du discours littéraire (Record no. 170)
[ view plain ]
| 000 -LEADER | |
|---|---|
| fixed length control field | 01867nam a2200265 4500 |
| 008 - FIXED-LENGTH DATA ELEMENTS--GENERAL INFORMATION | |
| fixed length control field | s2000 fr fre u |
| 020 ## - INTERNATIONAL STANDARD BOOK NUMBER | |
| International Standard Book Number | 2278057685 |
| 020 ## - INTERNATIONAL STANDARD BOOK NUMBER | |
| International Standard Book Number | 9782278057689 |
| 040 ## - CATALOGING SOURCE | |
| Original cataloging agency | LB-BrCRDP |
| 082 1# - DEWEY DECIMAL CLASSIFICATION NUMBER | |
| Classification number | 373 FRA |
| Item number | PAP |
| 100 1# - MAIN ENTRY--PERSONAL NAME | |
| Personal name | Papo, E. |
| 245 10 - TITLE STATEMENT | |
| Title | Littérature et communication en classe de langue. Une initiation à l'analyse du discours littéraire |
| Statement of responsibility, etc. | E. Papo, D. Bourgain |
| 260 ## - PUBLICATION, DISTRIBUTION, ETC. | |
| Place of publication, distribution, etc. | Paris |
| Name of publisher, distributor, etc. | Didier |
| Date of publication, distribution, etc. | 2000 |
| 260 ## - PUBLICATION, DISTRIBUTION, ETC. | |
| Place of publication, distribution, etc. | Paris |
| Name of publisher, distributor, etc. | Hatier |
| 300 ## - PHYSICAL DESCRIPTION | |
| Extent | 159 p. |
| Dimensions | 21 cm |
| 490 0# - SERIES STATEMENT | |
| Series statement | Langues et apprentissage des langues |
| 500 ## - GENERAL NOTE | |
| General note | Sommaire, bibliographie, index des notions. |
| 520 ## - SUMMARY, ETC. | |
| Summary, etc. | Cet ouvrage a pour ambition de contribuer au développement de la compétence de lecture d'apprenants (étrangers ou grands adolescents francophones) à partir d'une approche des textes littéraires privilégiant leur aspect communicatif. Dans la première partie sont exposés les choix méthodologiques et les fondements psychologiques de l'ouvrage. La deuxième partie développe un certain nombre de notions théoriques qui relèvent de la sémiotique et de la linguistique.La troisième partie propose un module pédagogique étagé sur deux plans : l'un, pré-pédagogique, dans lequel les textes soumis à l'étude sont analysés en fonction des notions retenues, est là pour aider l'enseignement dans la préparation de son travail ; l'autre suggère des activités pédagogiques conçues largement à partir des observations faites lors des mises à l'essai. L'enseignant a ainsi les moyens d'effectuer pour son propre compte les va-et-vient nécessaires entre les pratiques proposées et l'appareil théorique qui les sous-tend. |
| 650 4# - SUBJECT ADDED ENTRY--TOPICAL TERM | |
| Topical term or geographic name entry element | Méthodologie |
| 650 4# - SUBJECT ADDED ENTRY--TOPICAL TERM | |
| Topical term or geographic name entry element | Démarche pédagogique |
| 650 4# - SUBJECT ADDED ENTRY--TOPICAL TERM | |
| Topical term or geographic name entry element | Activités pédagogiques |
| 700 1# - ADDED ENTRY--PERSONAL NAME | |
| Personal name | Bourgain, D. |
| 942 ## - ADDED ENTRY ELEMENTS (KOHA) | |
| Koha item type | Books |
| Withdrawn status | Lost status | Source of classification or shelving scheme | Damaged status | Not for loan | Home library | Current library | Shelving location | Date acquired | Source of acquisition | Cost, normal purchase price | Total Checkouts | Full call number | Barcode | Date last seen | Copy number | Price effective from | Koha item type |
|---|---|---|---|---|---|---|---|---|---|---|---|---|---|---|---|---|---|
| Dewey Decimal Classification | مكتبة دار المعلمين و المعلمات - النبطية | مكتبة دار المعلمين و المعلمات - النبطية | Salle de Lecture | 02/23/2006 | Ambassade de France | 0.00 | 372.41 PAP. | CRN996 | 07/28/2016 | 1 | 07/28/2016 | Books | |||||
| Dewey Decimal Classification | مكتبة دار المعلمين و المعلمات - بئر حسن | مكتبة دار المعلمين و المعلمات - بئر حسن | Salle de Lecture | 10/31/2005 | Ambassade de France | 0.00 | 371.89 Pap | CRB59 | 07/27/2016 | 1 | 07/27/2016 | Books | |||||
| Dewey Decimal Classification | مكتبة دار المعلمين و المعلمات - جونية | مكتبة دار المعلمين و المعلمات - جونية | Salle de Lecture | 02/23/2006 | Ambassade de France | 0.00 | 372.41 PAP. | CRJ996 | 07/27/2016 | 1 | 07/27/2016 | Books | |||||
| Dewey Decimal Classification | مكتبة دار المعلمين و المعلمات - زحلة | مكتبة دار المعلمين و المعلمات - زحلة | Salle de Lecture | 09/29/2005 | Amb. de France | 0.00 | 373 FRA PAP | CRZ172 | 07/26/2016 | 1 | 07/26/2016 | Books | |||||
| Dewey Decimal Classification | مكتبة دار المعلمين و المعلمات - صيدا | مكتبة دار المعلمين و المعلمات - صيدا | Salle de Lecture | 05/15/2006 | Ambassade de France | 0.00 | 372.64 PAP - BOU | CRS879 | 07/28/2016 | 1 | 07/28/2016 | Books | |||||
| Dewey Decimal Classification | مكتبة دار المعلمين و المعلمات - طرابلس | مكتبة دار المعلمين و المعلمات - طرابلس | Salle de Lecture | 05/17/2006 | Ambassade de France | 0.00 | 401.4 PAP | CRT393 | 07/27/2016 | 1 | 07/27/2016 | Books |